Discrete mathematics
Αποθηκεύτηκε σε:
| Κύριος συγγραφέας: | |
|---|---|
| Μορφή: | Βιβλίο |
| Γλώσσα: | English |
| Δημοσίευση: |
Οxford :
Oxford University Press,
1989
|
| Θέματα: | |
| Ετικέτες: |
Προσθήκη ετικέτας
Δεν υπάρχουν, Καταχωρήστε ετικέτα πρώτοι!
|
MARC
| LEADER | 00000nam a2200000 i 4500 | ||
|---|---|---|---|
| 001 | 1/73016 | ||
| 008 | 990405s1989 eng d | ||
| 020 | |a 0-19-853427-2 | ||
| 035 | |l 10048711 | ||
| 040 | |a GR-MY-UA |b gre |e aacr | ||
| 041 | 0 | |a eng | |
| 082 | 0 | |a 511.30285 | |
| 100 | 1 | |a Biggs, Norman. | |
| 245 | 1 | 0 | |a Discrete mathematics / |c Norman L. Biggs |
| 260 | |a Οxford : |b Oxford University Press, |c 1989 | ||
| 300 | |a xiv, 480 p.; |b ill.; |c 24 cm. | ||
| 500 | |a Includes index | ||
| 650 | 0 | 0 | |a Computer science |x Mathematics. |
| 852 | |a INST |b SAMOS |e 19990405 |h 511.30285 BIG |p 005300013014 |q 005300013014 |t BK |y 0 | ||
| 901 | |a BIBL-1999-1 | ||
| 909 | |a Σ |b 064120 | ||
| 922 | |a 3ΕΛΗ |b 199901 |c ΚΠΣ |d GLORY | ||